00403 a2200133 4500001000900000005001700009008004100026245004600067100002200113700001800135700002600153773007300179999001700252ART_352520260410161715.0260409a 10aEl mercado de plaguicidas en la Argentina1 aLeón, Carlos A.1 aDAmato, Laura1 aIturregui, María E.0 tDesarrollo económicog- Vol. 27, Nº 105 (abr./jun. 1987)wREV1174 c16472d16472